000
00311 a2200157 4500
001
175532
020
_a
0-19-422811-8
040
_c
Magnum
100
_a
Escott, John
240
1
0
_a
The cinema
_l
ING
245
1
0
_a
The cinema
300
_a
30
362
0
_a
1998
697
_a
LITERATURA INGLESA
942
_c
BK
999
_c
175532
_d
175532